000 01167nmm a2200337 a 4500
001 ocm0001916844
003 TR-IsHL
005 20201028172826.0
008 180707s2016 tu tur
007 cr cn
020 _a9786055090593
035 _a1916844
_b(N$T)
050 0 4 _aBF637.S8
_bD46 2016
090 0 4 _aBF637.S8
_bD46 2016
100 1 _aDemirdelen, Tamer
245 1 0 _aAlgıda, iknada, iletişimde beyin oyunları
_h[electronic resource] /
_cTamer Demirdelen ; yayına hazırlayan Mutlu Dinçer
250 _aBeşinci basım
260 _aİstanbul :
_bOptimist Yayım Dağıtım,
_c2016
300 _a199 p.
650 4 _aFelsefe, Psikoloji ve Din
650 4 _aPhilosophy, Psychology and Religion
650 0 _aBaşarı, İşletmelerde
650 0 _aSuccess in business
650 0 _aÖzyapabilirlik (Psikoloji)
650 0 _aSelf-actualization (Psychology)
650 0 _aKişisel gelişim
650 0 _aPersonality development
650 7 _aSELF-HELP / Personal Growth / Success
_2bisacsh
700 1 _aDinçer, Mutlu
856 4 0 _uhttp://search.ebscohost.com/login.aspx?direct=true&scope=site&db=e011xww&AN=1916844
999 _c17392
_d17392